banner-ar

ABNORMAL PSYCHOLOGY AND MODERN LIFE / (Record no. 10652)

MARC details
000 -الفاتح
حقل البيانات ثابتة الطول 00455nam a2200169Ia 4500
008 - عناصر البيانات ثابتة الطول - معلومات عامة
حقل البيانات ثابتة الطول 140319s9999 xx 000 0 eng d
040 ## - مصدر الفهرسة
وكالة الفهرسة الأصلية GCL /
وكالة النسخ GCL
082 04 - رقم تصنيف ديوى العشرى
رقم التصنيف 616.89
رقم المادة C A
100 1# - المدخل الرئيسى - إسم شخصى
الإسم الشخصى CARSON, ROBERT
245 10 - بيان العنوان
العنوان ABNORMAL PSYCHOLOGY AND MODERN LIFE /
بيان المسئوليه,etc CARSON, ROBERT
700 1# - المدخل الاضافى - اسم شخصى
الإسم الشخصى MINEKA, SUSAN
260 ## - PUBLICATION, DISTRIBUTION, ETC. (IMPRINT)
تاريخ النشر أو التوزيع 1995
300 ## - الوصف المادى
التعداد 699 P
650 04 - المدخل الاضافى بالموضوع-مصطلح موضوعى
مصطلح موضوعي PSYCHIATRY
942 ## - عناصر المدخل الإضافي( كوها)
مصدر التصنيف او مخطط الترفيف Dewey Decimal Classification
Koha [default] item type كتاب
260 ## - PUBLICATION, DISTRIBUTION, ETC. (IMPRINT)
-- [S.N] :
-- HARPER COLLINS COLLEGE PUBLISBERS ،
Holdings
حالة التراجع حالة الفقد حالة تلف ليس للاعارة المكان المؤقت الموقع الحالى تاريخ الاكتساب اجمالي اﻻعارات رقم الطلب الباركود تاريخ اخر مشاهدة تاريخ تفعيل السعر نوع وعاء كوها
        مكتبة القاهرة الكبرى مكتبة القاهرة الكبرى 03/26/2014   616.89\C A 21470 03/26/2014 03/26/2014 كتاب

Powered By

EGPV